Derecho a la información y cobertura de la noticia criminal /
El documento consiste en un taller del proyecto "Mejora de la administración de justicia y su adaptación al sistema penitenciario", que tiene como objetivo el fortalecimiento del Estado de derecho por medio de la racionalización de la política criminal, con una estrategia de apoyo a los es...
Na minha lista:
| Autor principal: | |
|---|---|
| Outros Autores: | , |
| Formato: | Texto |
| Idioma: | Spanish |
| Publicado em: |
San José:
CONAMAJ. Comisión Nacional para el Mejoramiento de la Aministración de Justicia. Union Europea
1997
|
| Assuntos: | |
| Tags: |
Adicionar Tag
Sem tags, seja o primeiro a adicionar uma tag!
|
MARC
| LEADER | 00000 a a2200000 04500 | ||
|---|---|---|---|
| 001 | 38279 | ||
| 003 | cru CIDCACS/IIS | ||
| 005 | 20230621112729.0 | ||
| 008 | 230621e1997 cr ||||| |||| 00| 0 spa d | ||
| 020 | |a 9977-9772-8-4 | ||
| 022 | |a 9977-9772-8-4 | ||
| 040 | |c CRAI/IIS | ||
| 090 | |a 04.02.02 I43i | ||
| 100 | |a Montoya Salas, Luis | ||
| 245 | |a Derecho a la información y cobertura de la noticia criminal / |c Luis Montoya Salas | ||
| 260 | |a San José: |b CONAMAJ. Comisión Nacional para el Mejoramiento de la Aministración de Justicia. Union Europea |c 1997 | ||
| 300 | |a 58 páginas | ||
| 520 | |a El documento consiste en un taller del proyecto "Mejora de la administración de justicia y su adaptación al sistema penitenciario", que tiene como objetivo el fortalecimiento del Estado de derecho por medio de la racionalización de la política criminal, con una estrategia de apoyo a los esfuerzos de rehabilitación de la política criminal. | ||
| 650 | |a INFORMACION | ||
| 650 | |a DERECHOS HUMANOS | ||
| 650 | |a PODER JUDICIAL | ||
| 700 | |a Jiménez Matarrita, Alexander | ||
| 700 | |a Vargas Mora, William | ||
| 942 | |2 ddc |c LI |h 04.02.02 I43i |i 05744 |6 040202_I43I_05744 | ||
| 999 | |c 16948 |d 16948 | ||
